000 00989nas a2200325 4500
001 BR2012003496
003 BR-BrBNA
005 20231205120548.0
007 ta
008 230509b bl.|||p| |||| 00| 00por d
040 _aBR-BrBNA
_bpor
_cBiblioteca Nacional de Agricultura
041 _a(En)
072 _aF30
100 1 _aLaviola, B.G.
100 1 _aAlves, A.A.
100 1 _aGurgel, F. de L.
100 1 _aRosado, T.B.
100 1 _aRocha, R.B.
100 1 _aAlbrecht, J.C.
245 1 _aEstimates of genetic parameters for physic nut traits based in the germplasm two years
650 _aPINHÃO DE PURGA
650 _aPARÂMETRO GENÉTICO
650 _aBANCO DE GERMOPLASMA
650 _aHEREDITARIEDADE
650 _aMELHORAMENTO GENÉTICO VEGETAL
650 _aANÁLISE QUANTITATIVA
773 0 _tCiência Rural (Brazil)
_xISSN 0103-8478
_g(Mar 2012), v. 42(3) p. 429-435
_wBR2012003496
909 _a202311
_bLúcia
_c55
_dLúcia Elande
942 _2AGRIS
_n0
_cANA
999 _c219150
_d219150